000 00645nam a2200217 4500
003 OSt
005 20240626024303.0
006 a
008 240626b |||||||| |||| 00| 0 eng d
020 _a978071633840
040 _aDWCL-Main lib.
_cOC
082 _aCirc. 658.4092 L434 2010
110 _aBarbara Kellerman
245 _aLeadership : essential selections on power ,authority, and influence /
260 _aN.Y. :
_bMcGraw-Hill,
_cc2010.
300 _axxvii,
_b299 p. ;
_c24 cm.
504 _aIncludes bibliographical references.
650 _a1. Leadeship.
650 _a2. Leadership-History.
942 _2ddc
_n0
_cBK-CIRC
_kCirc.
999 _c1368
_d1368